One Piece - Équipage de Big Mom - Statistiques

Statistiques générales
  • Ce quiz a été pris 540 fois
  • Le résultat moyen est 34 sur 107
Statistiques - réponses
Grade Réponse % Correct
2ème fils Charlotte Katakuri
98%
Capitaine Charlotte Linlin
96%
1er fils Charlotte Perospero
90%
14ème fille Charlotte Smoothie
87%
10ème fils Charlotte Cracker
85%
8ème fille Charlotte Brûlée
84%
4ème fils Charlotte Oven
83%
35ème fille Charlotte Pudding
83%
23ème fille Charlotte Laura
78%
3ème fils Charlotte Daifuku
74%
22ème fille Charlotte Chiffon
70%
19ème fils Charlotte Mont d'Or
69%
3ème fille Charlotte Amande
65%
Époux de la 22ème fille Capone "Gang" Bege
64%
17ème fils Charlotte Compo
62%
5ème fils Charlotte Opéra
61%
1ère fille Charlotte Compote
58%
25ème fils Charlotte Snack
56%
Homies Zeus
55%
Combattant Pekoms
53%
Homies Napoléon
51%
Homies Prométhée
50%
Combattant Tamago
46%
36ème fille Charlotte Flampée
44%
18ème fille Charlotte Galette
44%
15ème fille Charlotte Citron
41%
21ème fille Charlotte Praline
41%
Époux de la 21ème fille Aladdin
38%
Petit-fils Capone Pets
38%
Homies Héra
37%
34ème fils Charlotte Mascarpone
36%
19ème fille Charlotte Poire
36%
39ème fille Charlotte Anana
33%
33ème fils Charlotte Raisin
33%
2ème fille Charlotte Mondée
32%
5ème fille Charlotte Effilée
31%
29ème fille Charlotte Joscarpone
31%
25ème époux Pound
30%
Autre membre Streusen
30%
7ème fils Charlotte Cadenza
29%
26ème fils Charlotte Bavarois
28%
4ème fille Charlotte Hachée
28%
16ème fils Charlotte Moscato
28%
15ème fils Charlotte Noisette
28%
6ème fils Charlotte Counter
27%
39ème fils Charlotte Newshi
27%
9ème fille Charlotte Broyé
26%
16ème fille Charlotte Cinnamon
26%
32ème fils Charlotte Brownie
25%
8ème fils Charlotte Cabalette
25%
9ème fils Charlotte Gala
25%
Homies King Baum
25%
Combattant Bobbin
24%
27ème fille Charlotte Joconde
24%
7ème fille Charlotte Angel
23%
42ème fils Charlotte Anglais
22%
46ème fils Charlotte Dragée
22%
29ème fils Charlotte Montb
22%
6ème fille Charlotte Custard
21%
12ème fille Charlotte Mozart
21%
41ème fils Charlotte Nougat
21%
12ème fils Charlotte Nusstorte
20%
36ème fils Charlotte Newichi
19%
21ème fils Charlotte Tablet
19%
45ème fils Charlotte Dolce
18%
40ème fils Charlotte Newgo
18%
37ème fils Charlotte Newji
18%
13ème fils Charlotte Basskarte
17%
28ème fils Charlotte Kato
17%
38ème fils Charlotte Newsan
17%
35ème fils Charlotte Yuen
17%
Homies Randolph
17%
14ème fils Charlotte Dosmarche
16%
25ème fille Charlotte Myukuru
16%
30ème fille Charlotte Nutmeg
16%
11ème fils Charlotte Zuccotto
16%
24ème fils Charlotte Dacquoise
15%
34ème fille Charlotte Fuyumeg
15%
33ème fille Charlotte Harumeg
15%
20ème fils Charlotte High-Fat
15%
24ème fille Charlotte Marble
15%
10ème fille Charlotte Mash
15%
20ème fille Charlotte Prim
15%
Autre membre Diesel
15%
Époux de la 23ème fille Gotti
15%
31ème fille Charlotte Akimeg
14%
32ème fille Charlotte Allmeg
14%
11ème fille Charlotte Cornstarch
14%
13ème fille Charlotte Marnier
14%
22ème fils Charlotte Saint-Marc
14%
23ème fils Charlotte Basans
13%
17ème fille Charlotte Melise
13%
31ème fils Charlotte Mobile
13%
28ème fille Charlotte Panna
13%
Homies Queen Mama Chanter
13%
30ème fils Charlotte Chiboust
11%
44ème fils Charlotte De-Chat
11%
18ème fils Charlotte Laurin
11%
Homies Nitro
11%
26ème fille Charlotte Maple
10%
38ème fille Charlotte Normande
10%
27ème fils Charlotte Kanten
8%
37ème fille Charlotte Wafers
8%
Homies Misery
8%
Homies Rabiyan
8%
43ème fils Charlotte Uiro
7%
Homies Noble Croco
7%
Aucun quiz correspondant
Distribution des résultats
% des personnes avec chaque résultat
Percentile par nombre de réponses
Votre historique - résultats
Vous n’avez pas pris ce quiz